Pintura mural en el Sur Andino (Record no. 6239)

MARC details
000 -CABECERA
campo de control de longitud fija 00958nam a2200265 a 4500
001 - NÚMERO DE CONTROL
campo de control BRCA_6555
005 - FECHA Y HORA DE LA ÚLTIMA TRANSACCIÓN
campo de control 20190320205512.0
008 - DATOS DE LONGITUD FIJA--INFORMACIÓN GENERAL
campo de control de longitud fija 300911s1993----pe-a######---#000-0#spa-#
041 ## - CÓDIGO DE LENGUA
Código de lengua del texto/banda sonora o título independiente spa
044 ## - CÓDIGO DEL PAÍS DE LA ENTIDAD EDITORA/PRODUCTORA
Código MARC del país pe
050 #4 - SIGNATURA TOPOGRÁFICA DE LA BIBLIOTECA DEL CONGRESO
Número de clasificación ND2716
Número de documento/Ítem .F58 1993
100 1# - ENTRADA PRINCIPAL--NOMBRE DE PERSONA
Nombre de persona Flores Ochoa, Jorge A.
9 (RLIN) 16354
245 10 - MENCIÓN DE TÍTULO
Título Pintura mural en el Sur Andino
Mención de responsabilidad, etc. Jorge A. Flores Ochoa, Elizabeth Kuon Arce, Roberto Samanez Argumedo.
260 ## - PUBLICACIÓN, DISTRIBUCIÓN, ETC.
Lugar de publicación, distribución, etc. Lima, Perú
Nombre del editor, distribuidor, etc. Banco de Crédito del Perú
Fecha de publicación, distribución, etc. 1993
300 ## - DESCRIPCIÓN FÍSICA
Extensión xxii, 359 p.
Otras características físicas il. (algunas a color)
Dimensiones 32 cm.
440 #0 - MENCIÓN DE SERIE/PUNTO DE ACCESO ADICIONAL--TÍTULO
Título Colección Arte y Tesoros del Perú
9 (RLIN) 16355
500 ## - NOTA GENERAL
Nota general Incluye índice de ilustraciones e índice onomástico y toponímico
500 ## - NOTA GENERAL
Nota general Donación Dra. Elsa Barberena
504 ## - NOTA DE BIBLIOGRAFÍA, ETC.
Nota de bibliografía, etc. Bibliografía: p. 327-333
650 14 - PUNTO DE ACCESO ADICIONAL DE MATERIA--TÉRMINO DE MATERIA
Término de materia o nombre geográfico como elemento de entrada pintura mural
Subdivisión general Decoración
Subdivisión geográfica Perú
9 (RLIN) 16356
700 1# - PUNTO DE ACCESO ADICIONAL--NOMBRE DE PERSONA
Nombre de persona Kuon Arce, Elizabeth
Término indicativo de función/relación coaut.
9 (RLIN) 16357
700 1# - PUNTO DE ACCESO ADICIONAL--NOMBRE DE PERSONA
Nombre de persona Samanez Argumedo, Roberto
Término indicativo de función/relación coaut.
9 (RLIN) 16358
902 ## - CATALOGADOR
Iniciales DEB
942 ## - ELEMENTOS DE PUNTO DE ACCESO ADICIONAL (KOHA)
Fuente del sistema de clasificación o colocación Library of Congress Classification
Tipo de ítem Koha Libros
Holdings
Estado de retiro Estado de pérdida Estado dañado No para préstamo Localización permanente Ubicación/localización actual Fecha de adquisición Total de préstamos Signatura topográfica completa Código de barras Fecha visto por última vez Precio válido a partir de Tipo de ítem Koha
El ejemplar forma parte de la colección y puede ser consultado según las políticas vigentes.       Biblioteca del Museo Franz Mayer (Rogerio Casas-Alatriste) Biblioteca del Museo Franz Mayer (Rogerio Casas-Alatriste) 30/09/2011   ND2716 .F58 1993 DEB00013 22/03/2019 22/03/2019 Libros